Which Events Make Up the Decathlon? - Statistics

General Stats
  • This quiz has been taken 234 times
  • The average score is 9 of 10
Answer Stats
Answer % Correct
Long jump
97%
100 metres
96%
High jump
94%
Javelin
94%
Shot put
90%
Discus
89%
400 metres
85%
1500 metres
84%
Pole vault
82%
110 m hurdles
78%
No matching quizzes found
Score Distribution
Percent of People with Each Score
Percentile by Number Answered
Your Score History
You have not taken this quiz